=LDR 00000nam 2200000 4500 =001 INLIS000000000016862 =005 20130612112107 =008 ***********************************Ind** =035 ##$$0010-061300000016862 =041 ##$$a Ind =082 ##$$a 028.55 =090 ##$$a 028.55, Ami p =100 ##$$a Amier, Andi Analta =245 ##$$a Pelajari untuk taba, Andi Analta amie, SH, Tri Utami =260 ##$$a 1999 $b Jakarta =300 ##$$a 27 hlm, ilus, 24 cm =650 ##$$a Bacaan anak-anak =850 ##$$a NBPNMAT